| 000 | 00404nam a2200145Ia 4500 | ||
|---|---|---|---|
| 005 | 20250528034939.0 | ||
| 008 | 240331s9999 xx 000 0 und d | ||
| 082 |
_bDES _a303 |
||
| 100 | _aDe Silva, K.V. | ||
| 245 | 0 | _aYuddhaya epa samaya one | |
| 260 |
_aDehiwala _bSarana printing press _c1987 |
||
| 300 | _a56 p ., | ||
| 500 | _aissues of ethnic and caste discrimination and national unity | ||
| 942 | _cL | ||
| 999 |
_c1334 _d1334 |
||